Homenaje a Miguel Hernández / (Record no. 196516)

MARC details
000 -LEADER
campo de control de longitud fija 01635nam a2200337 i 4500
001 - NÚMERO DE CONTROL
campo de control 196516
003 - IDENTIFICADOR DE NÚMERO DE CONTROL
campo de control ES-MaACL
005 - FECHA Y HORA DE LA ÚLTIMA TRANSACCIÓN
campo de control 20241013063048.0
007 - CAMPO FIJO DE DESCRIPCIÓN FÍSICA--INFORMACIÓN GENERAL
campo de control de longitud fija ta
008 - DATOS DE LONGITUD FIJA--INFORMACIÓN GENERAL
campo de control de longitud fija 241004b1976 sp ||||| |||| 00| 0 spa d
040 ## - FUENTE DE CATALOGACIÓN
Lengua de catalogación spa
Centro/agencia transcriptor ES-MaACL
Centro/agencia modificador ES-MaACL
245 ## - MENCIÓN DEL TÍTULO
Título Homenaje a Miguel Hernández /
Mención de responsabilidad, etc. Agustín Sánchez Vidal, [José Luis Alegre], [Antonio Buero Vallejo]
260 ## - PUBLICACIÓN, DISTRIBUCIÓN, ETC.
Lugar de publicación, distribución, etc. Zaragoza :
Nombre del editor, distribuidor, etc. Culturales de Derecho y Comisión de jóvenes de Casablanca (colabora seminario de estudios aragoneses),
Fecha de publicación, distribución, etc. 1976
300 ## - DESCRIPCIÓN FÍSICA
Extensión 35 h.;
Dimensiones 30 cm
336 ## - TIPO DE CONTENIDO
Fuente rdacontent
Término de tipo de contenido texto
337 ## - TIPO DE MEDIO
Fuente rdamedia
Nombre/término del tipo de medio sin mediación
338 ## - TIPO DE SOPORTE
Fuente rdacarrier
Nombre/término del tipo de soporte volumen
500 ## - NOTA GENERAL
Nota general Ejemplar mecanografiado con impresión a una sola cara
600 14 - PUNTO DE ACCESO ADICIONAL DE MATERIA--NOMBRE DE PERSONA
9 (RLIN) 62848
Nombre de persona Hernández, Miguel,
Fechas asociadas al nombre 1910-1942-
Subdivisión de forma Homenajes
655 #7 - TERMINO DE INDIZACIÓN--GENERO/FORMA
Fuente del término tgfbne
9 (RLIN) 176539
Datos o término principal de género/forma Poesías
655 #7 - TERMINO DE INDIZACIÓN--GENERO/FORMA
Fuente del término tgfbne
9 (RLIN) 226850
Datos o término principal de género/forma Homenajes
700 0# - ENTRADA AGREGADA--NOMBRE PERSONAL
9 (RLIN) 102983
Nombre de persona Sánchez Vidal, Agustín
Término indicativo de función/relación Autor
700 0# - ENTRADA AGREGADA--NOMBRE PERSONAL
9 (RLIN) 19668
Nombre de persona Alegre Cudós, José Luis,
Fechas asociadas al nombre 1951-2022
Término indicativo de función/relación Autor
700 1# - ENTRADA AGREGADA--NOMBRE PERSONAL
9 (RLIN) 32421
Nombre de persona Buero Vallejo, Antonio,
Fechas asociadas al nombre 1916-2000
Término indicativo de función/relación Autor
852 ## - LOCALIZACIÓN
Ubicación ES-MaACL
Ubicación en estantería Depósito folletos
Número de control de estantería FOLL-BUE-18
Donativo/Legado Legado: Antonio Buero Vallejo
itemnumber 204229
Anotaciones manuscritas Dedicatoria manuscrita de las Comisiones Culturales de la Facultad de Derecho y los Jóvenes de Casablanca, para Antonio Buero Vallejo : "A antonio buero vallejo, maestro en la lucha por la libertad. Comisión culturales F. de derecho. Zaragoza·.
903 ## - NOMBRE PERSONAL DE DONANTE
9 32421
a Buero Vallejo, Antonio,
q 1
d 1916-2000
e Donante
942 ## - ELEMENTOS DE ENTRADA SECUNDARIOS (KOHA)
Suprimir en OPAC No
Tipo de ítem Koha Folleto
Holdings
Estatus retirado Estado de pérdida Fuente del sistema de clasificación o colocación Estado de daño No para préstamo Colección Biblioteca de origen Biblioteca actual Ubicación en estantería Fecha de adquisición Fuente de adquisición Total de préstamos Signatura topográfica completa Código de barras Visto por última vez Precio de reemplazo Tipo de ítem Koha Nota pública
    Clasificación decimal universal     Libros con dedicatorias Biblioteca del Ateneo de Madrid Biblioteca del Ateneo de Madrid Depósito folletos 04/10/2024 Legado   FOLL-BUE-18 101229053 04/10/2024 04/10/2024 Libro impreso Dedicatoria manuscrita de las Comisiones Culturales de la Facultad de Derecho y los Jóvenes de Casablanca, para Antonio Buero Vallejo.